Postihy v pracovnom práve

Salvato in:
Dettagli Bibliografici
Autore principale: Mydlík, Alexej
Altri autori: Profant, Milan
Natura: Libro
Lingua:slovacco
Pubblicazione: Bratislava Práca 1987
Edizione:1. vyd.
Serie:Knižnica mzdových a pracovnoprávnych príručiek Zv.10/87
Tags: Aggiungi Tag
Nessun Tag, puoi essere il primo ad aggiungerne!!

MARC

LEADER 00000nam a2200000 4500
001 c034984
005 20250117085802.7
041 0 |a slo 
044 |a SK 
245 1 0 |a Postihy v pracovnom práve  |c Alexej Mydlík, Milan Profant 
250 |a 1. vyd. 
264 1 |a Bratislava  |b Práca  |c 1987 
300 |a 130 s. 
490 1 |a Knižnica mzdových a pracovnoprávnych príručiek  |v Zv.10/87 
830 0 |a Knižnica mzdových a pracovnoprávnych príručiek  |v Zv.10/87 
100 1 |a Mydlík, Alexej 
700 1 |a Profant, Milan